000 00347nam a2200145Ia 4500
008 230917s9999||||xx |||||||||||||| ||und||
040 _e868
_aMAIN
041 _aEnglish
082 _a547.2 F464F
100 _aFieser, Mary
245 0 _aReagents for organic synthesis
260 _aNew York
_bJohn Wiley
_c1994
300 _a443 p.
942 _cBK
999 _c83445
_d83445